| 000 | 00770nam a2200193 i 4500 | ||
|---|---|---|---|
| 001 | 161130 | ||
| 003 | ES-MaACL | ||
| 005 | 20230906212211.0 | ||
| 008 | 041019s1888 xx a |||| | ger d | ||
| 040 |
_aCAM _bspa _cCAM |
||
| 100 | 1 |
_aOsann, Alfred. _9130726 |
|
| 245 | 1 | 0 |
_a5. Ueber den Cordierit fünrenden Andesit vom Hoyazo (Cabo de Gata) / _cvon Herrn A. Osann in Heidelberg. |
| 260 |
_a[S.l. : _bs.n., _cs.a.] |
||
| 300 |
_aP. [693]-708 : _bil. ; _c23 cm. |
||
| 500 | _aAbdruck a.d. Zeitschr. d. Deutsch. geolog. Gesellschaft, Jahrg. 1888. | ||
| 594 | _aTit. tomado de comienzo de texto. | ||
| 650 | 4 |
_aGeología- _zAlmería. _9144128 |
|
| 852 |
_aES-MaACL _jT-1104-F-4 _z-- Enc. hol. _z-- Legado de Federico de Botella y de Hornos _z-- Enc. en un vol. facticio |
||
| 999 |
_c161130 _d161130 |
||